[Event "Olympiad-30"]
[Site "Manila"]
[Date "1992.06.20"]
[Round "11.4"]
[White "Duer, Werner"]
[Black "O'Donnell, Tom"]
[Result "1/2-1/2"]
[WhiteElo "2275"]
[BlackElo "2390"]
[PlyCount "61"]
[GameId "1166637522612224"]
[EventDate "1992.06.08"]
[EventType "team-swiss"]
[EventRounds "14"]
[EventCountry "PHI"]
[SourceTitle "TD"]
[Source "ChessBase"]
[SourceVersion "1"]
[SourceVersionDate "1994.03.01"]
[SourceQuality "1"]
[WhiteTeam "Austria"]
[BlackTeam "Canada"]
[WhiteTeamCountry "AUT"]
[BlackTeamCountry "CAN"]

1. Nf3 d5 2. d4 c6 3. c4 e6 4. Qc2 Nf6 5. Nbd2 Nbd7 6. g3 Be7 7. Bg2 O-O 8. O-O b6 9. e4 Bb7 10. Re1 Rc8 11. e5 Ne8 12. b3 c5 13. cxd5 cxd4 14. Qb1 Bxd5 15. Bb2 Bb4 16. Rd1 Bc3 17. Nxd4 Bxb2 18. Qxb2 Bxg2 19. Kxg2 Nxe5 20. Ne4 Qd5 21. Qe2 Nf6 22. Nf5 Qa8 23. Ne7+ Kh8 24. Nxc8 Nxe4 25. f3 Ng5 26. Nd6 Nexf3 27. Kf1 Nd2+ 28. Qxd2 Qh1+ 29. Ke2 Qf3+ 30. Ke1 Qh1+ 31. Ke2 1/2-1/2

[Event "San Mateo"]
[Site "San Mateo"]
[Date "1994.??.??"]
[Round "1"]
[White "O'Donnell, Tom"]
[Black "Mortazavi, Ali"]
[Result "1/2-1/2"]
[WhiteElo "2405"]
[BlackElo "2350"]
[PlyCount "30"]
[GameId "1166638392139776"]
[EventDate "1994.??.??"]
[EventType "tourn"]
[EventRounds "9"]
[EventCountry "PUR"]
[EventCategory "5"]
[SourceTitle "EXT 1997"]
[Source "ChessBase"]
[SourceDate "1996.11.15"]
[SourceVersion "1"]
[SourceVersionDate "1996.11.15"]
[SourceQuality "1"]

1. e4 c5 2. Nf3 e6 3. c3 d5 4. exd5 Qxd5 5. d4 Nf6 6. Bd3 Nc6 7. O-O Be7 8. c4 Qd8 9. dxc5 Bxc5 10. Nc3 O-O 11. Bg5 Be7 12. Qe2 Qa5 13. Bh4 Qh5 14. Bg3 b6 15. Rac1 Bb7 1/2-1/2

[Event "San Mateo"]
[Site "San Mateo"]
[Date "1994.??.??"]
[Round "5"]
[White "O'Donnell, Tom"]
[Black "Remlinger, Larry"]
[Result "1-0"]
[WhiteElo "2405"]
[BlackElo "2425"]
[PlyCount "100"]
[GameId "1166638392221696"]
[EventDate "1994.??.??"]
[EventType "tourn"]
[EventRounds "9"]
[EventCountry "PUR"]
[EventCategory "5"]
[SourceTitle "EXT 1997"]
[Source "ChessBase"]
[SourceDate "1996.11.15"]
[SourceVersion "1"]
[SourceVersionDate "1996.11.15"]
[SourceQuality "1"]

1. e4 e6 2. d4 d5 3. Nd2 c5 4. exd5 Qxd5 5. Ngf3 cxd4 6. Bc4 Qd6 7. O-O Nf6 8. Nb3 Nc6 9. Nbxd4 Nxd4 10. Nxd4 a6 11. b3 Bd7 12. Bb2 Qc7 13. Qe2 O-O-O 14. Nf3 Bd6 15. Ne5 Be8 16. Rad1 h5 17. h3 Kb8 18. a4 Bc6 19. Nxc6+ Qxc6 20. Qe3 Bc7 21. Be5 Bxe5 22. Qxe5+ Qc7 23. Qg5 Rxd1 24. Rxd1 Rg8 25. Rd3 Ka8 26. Rf3 Qd8 27. Bd3 Qf8 28. b4 Rh8 29. b5 a5 30. b6 Nd5 31. Qd2 Nb4 32. Bb5 Qe7 33. c3 Nd5 34. Qd4 f6 35. Rd3 Rd8 36. Rd1 Rf8 37. c4 Nb4 38. h4 g5 39. Qd6 Qxd6 40. Rxd6 gxh4 41. Rxe6 Nd3 42. Re4 h3 43. gxh3 f5 44. Rd4 Ne5 45. Kf1 Kb8 46. Ke2 f4 47. Rd5 f3+ 48. Ke3 Ng6 49. Rxh5 Nf4 50. Rh7 Ng2+ 1-0

[Event "San Mateo"]
[Site "San Mateo"]
[Date "1994.??.??"]
[Round "6"]
[White "Summerscale, Aaron"]
[Black "O'Donnell, Tom"]
[Result "1/2-1/2"]
[WhiteElo "2410"]
[BlackElo "2405"]
[PlyCount "37"]
[GameId "1166638392246272"]
[EventDate "1994.??.??"]
[EventType "tourn"]
[EventRounds "9"]
[EventCountry "PUR"]
[EventCategory "5"]
[SourceTitle "EXT 1997"]
[Source "ChessBase"]
[SourceDate "1996.11.15"]
[SourceVersion "1"]
[SourceVersionDate "1996.11.15"]
[SourceQuality "1"]

1. d4 d5 2. c4 e6 3. Nf3 c6 4. e3 Nf6 5. Nbd2 Nbd7 6. Bd3 Bd6 7. b3 e5 8. cxd5 Nxd5 9. Nc4 Bb4+ 10. Bd2 exd4 11. Bxb4 Nxb4 12. Nd6+ Ke7 13. Nxc8+ Rxc8 14. Nxd4 Nxd3+ 15. Qxd3 Qa5+ 16. Ke2 g6 17. Rhd1 Rhd8 18. Kf1 Kf8 19. Qc2 1/2-1/2

[Event "San Mateo"]
[Site "San Mateo"]
[Date "1994.??.??"]
[Round "8"]
[White "O'Donnell, Tom"]
[Black "Shaked, Tal"]
[Result "1/2-1/2"]
[WhiteElo "2405"]
[BlackElo "2370"]
[PlyCount "78"]
[GameId "1166638392274944"]
[EventDate "1994.??.??"]
[EventType "tourn"]
[EventRounds "9"]
[EventCountry "PUR"]
[EventCategory "5"]
[SourceTitle "EXT 1997"]
[Source "ChessBase"]
[SourceDate "1996.11.15"]
[SourceVersion "1"]
[SourceVersionDate "1996.11.15"]
[SourceQuality "1"]

1. e4 c5 2. Nf3 e6 3. c3 d5 4. exd5 exd5 5. d4 Nc6 6. Be2 Nf6 7. O-O cxd4 8. Nxd4 Bd6 9. Be3 O-O 10. Nd2 a6 11. N2f3 Ng4 12. Bg5 Qc7 13. h3 Nge5 14. Nxe5 Nxe5 15. Bf4 Be6 16. Re1 Rad8 17. Rc1 Bc8 18. Bxe5 Bxe5 19. Bf3 Bf4 20. Rc2 Qa5 21. a3 Bb8 22. Ne2 Qc7 23. Ng3 d4 24. cxd4 Rxd4 25. Qxd4 Qxc2 26. Re7 Qc1+ 27. Nf1 Qg5 28. Qe4 Bd6 29. Re8 Qb5 30. Rxf8+ Bxf8 31. Qc2 Bf5 32. Qc3 b6 33. Ne3 Be6 34. Qd2 Qg5 35. Qd4 Qc5 36. Qd2 Qg5 37. Qd4 Qc5 38. Qd2 g6 39. Bg4 Bb3 1/2-1/2

[Event "Marshall CC Summer int"]
[Site "New York"]
[Date "1994.??.??"]
[Round "?"]
[White "Arnett, David A"]
[Black "O'Donnell, Tom"]
[Result "1/2-1/2"]
[WhiteElo "2350"]
[BlackElo "2405"]
[PlyCount "83"]
[GameId "1166638507798528"]
[EventDate "1994.06.10"]
[EventType "tourn"]
[EventRounds "9"]
[EventCountry "USA"]
[EventCategory "4"]
[SourceTitle "EXT 2002"]
[Source "ChessBase"]
[SourceDate "2001.11.25"]
[SourceVersion "1"]
[SourceVersionDate "2001.11.25"]
[SourceQuality "1"]

1. d4 d5 2. c4 e6 3. Nc3 c6 4. e3 Nf6 5. Nf3 Nbd7 6. Bd3 dxc4 7. Bxc4 b5 8. Bd3 Bb7 9. O-O b4 10. Ne4 Be7 11. Nxf6+ Nxf6 12. e4 O-O 13. Qe2 c5 14. e5 Nd7 15. Be3 h6 16. Rfd1 Qb6 17. Rac1 Rac8 18. Bb1 Rfd8 19. h3 Nf8 20. Bd3 Rd7 21. b3 Qa5 22. dxc5 Bxc5 23. Bxc5 Rxc5 24. Rxc5 Qxc5 25. Nd2 Rd5 26. Nc4 Ba6 27. Rc1 Qd4 28. Be4 Rc5 29. Qg4 Qd8 30. Rd1 Qg5 31. Qxg5 hxg5 32. Nd6 Rxe5 33. Rc1 f5 34. Bf3 Ra5 35. Rc7 Rxa2 36. Rxa7 Ra3 37. Ne8 Bb5 38. Rxg7+ Kh8 39. Rf7 Kg8 40. Rg7+ Kh8 41. Rf7 Kg8 42. Rg7+ 1/2-1/2

[Event "Marshall CC Summer int"]
[Site "New York"]
[Date "1994.??.??"]
[Round "?"]
[White "Bonin, Jay R"]
[Black "O'Donnell, Tom"]
[Result "1/2-1/2"]
[WhiteElo "2380"]
[BlackElo "2405"]
[PlyCount "101"]
[GameId "1166638507814912"]
[EventDate "1994.06.10"]
[EventType "tourn"]
[EventRounds "9"]
[EventCountry "USA"]
[EventCategory "4"]
[SourceTitle "EXT 2002"]
[Source "ChessBase"]
[SourceDate "2001.11.25"]
[SourceVersion "1"]
[SourceVersionDate "2001.11.25"]
[SourceQuality "1"]

1. Nf3 d5 2. g3 Nf6 3. Bg2 c6 4. O-O Bf5 5. d3 e6 6. Nbd2 h6 7. b3 Be7 8. Bb2 O-O 9. c4 a5 10. a3 Bh7 11. Rc1 Nbd7 12. Rc2 Re8 13. Qa1 Bd6 14. Ne5 Nxe5 15. Bxe5 Bxe5 16. Qxe5 Qe7 17. Qb2 Nd7 18. Rfc1 Qf6 19. Qxf6 Nxf6 20. cxd5 exd5 21. Nf3 Bf5 22. Nd4 Bd7 23. h3 Nh7 24. e3 Ng5 25. Kh2 Ne6 26. Ne2 Ra7 27. d4 Ng5 28. Nc3 Bf5 29. Rb2 Be4 30. Nxe4 Nxe4 31. Bxe4 Rxe4 32. b4 axb4 33. axb4 Re6 34. b5 Ra8 35. Kg2 g5 36. Rc5 Rd6 37. Rbc2 Rc8 38. Ra2 Kg7 39. Ra7 Rb8 40. bxc6 bxc6 41. Ra6 Rc8 42. Rca5 Rb8 43. Rc5 Rc8 44. Rb5 Rf6 45. Rbb6 Re6 46. Kf3 Rf6+ 47. Ke2 Re6 48. Rb7 Kg6 49. Raa7 Rf6 50. Rc7 Rb8 51. Rab7 1/2-1/2

[Event "Olympiad-31"]
[Site "Moscow"]
[Date "1994.12.02"]
[Round "2.3"]
[White "Hulak, Krunoslav"]
[Black "O'Donnell, Tom"]
[Result "1-0"]
[WhiteElo "2530"]
[BlackElo "2410"]
[PlyCount "39"]
[GameId "1166638629367808"]
[EventDate "1994.12.01"]
[EventType "team-swiss"]
[EventRounds "14"]
[EventCountry "RUS"]
[SourceTitle "CBM 045"]
[Source "ChessBase"]
[SourceDate "2004.01.01"]
[SourceVersion "1"]
[SourceVersionDate "2004.01.01"]
[SourceQuality "1"]
[WhiteTeam "Croatia"]
[BlackTeam "Canada"]
[WhiteTeamCountry "CRO"]
[BlackTeamCountry "CAN"]

1. d4 d5 2. c4 e6 3. Nf3 c6 4. Qc2 Nf6 5. g3 Be7 6. Bg2 O-O 7. O-O b6 8. Rd1 Bb7 9. b3 Nbd7 10. Nc3 Qc8 11. Bb2 c5 12. cxd5 Nxd5 13. Nxd5 Bxd5 14. e4 Bb7 15. d5 exd5 16. exd5 Rd8 17. Rd2 Bf6 18. Bh3 Qb8 19. Bxd7 Bxb2 20. Ng5 1-0

[Event "Olympiad-31"]
[Site "Moscow"]
[Date "1994.12.08"]
[Round "7.3"]
[White "Norri, Joose"]
[Black "O'Donnell, Tom"]
[Result "1-0"]
[WhiteElo "2375"]
[BlackElo "2410"]
[PlyCount "71"]
[GameId "1166638634024960"]
[EventDate "1994.12.01"]
[EventType "team-swiss"]
[EventRounds "14"]
[EventCountry "RUS"]
[SourceTitle "CBM 045"]
[Source "ChessBase"]
[SourceDate "2004.01.01"]
[SourceVersion "1"]
[SourceVersionDate "2004.01.01"]
[SourceQuality "1"]
[WhiteTeam "Finland"]
[BlackTeam "Canada"]
[WhiteTeamCountry "FIN"]
[BlackTeamCountry "CAN"]

1. d4 d5 2. c4 e6 3. Nf3 c6 4. Nc3 Nf6 5. e3 Nbd7 6. Bd3 dxc4 7. Bxc4 b5 8. Bd3 Bb7 9. e4 b4 10. Na4 c5 11. e5 Nd5 12. O-O cxd4 13. Nxd4 Nxe5 14. Bb5+ Nd7 15. Re1 Rc8 16. Qg4 N5f6 17. Qe2 a6 18. Bc4 Nd5 19. Bxa6 Bxa6 20. Qxa6 Ra8 21. Qc4 Rxa4 22. Qxd5 Be7 23. Qc6 Qa8 24. Qc7 Nf6 25. Nf5 Bf8 26. Bg5 Nd5 27. Qe5 Rg8 28. Rad1 Ra5 29. Nd6+ Bxd6 30. Qxd6 Nf6 31. Rxe6+ fxe6 32. Qxe6+ Kf8 33. Bxf6 gxf6 34. Qxf6+ Ke8 35. Re1+ Kd7 36. Re7+ 1-0

[Event "Olympiad-31"]
[Site "Moscow"]
[Date "1994.12.10"]
[Round "9.4"]
[White "O'Donnell, Tom"]
[Black "Bouah, Lyndon"]
[Result "1-0"]
[WhiteElo "2410"]
[BlackElo "2205"]
[PlyCount "91"]
[GameId "1166638635839488"]
[EventDate "1994.12.01"]
[EventType "team-swiss"]
[EventRounds "14"]
[EventCountry "RUS"]
[SourceTitle "CBM 045"]
[Source "ChessBase"]
[SourceDate "2004.01.01"]
[SourceVersion "1"]
[SourceVersionDate "2004.01.01"]
[SourceQuality "1"]
[WhiteTeam "Canada"]
[BlackTeam "South Africa"]
[WhiteTeamCountry "CAN"]
[BlackTeamCountry "RSA"]

1. e4 Nf6 2. e5 Nd5 3. d4 d6 4. Nf3 Bg4 5. Be2 c6 6. O-O Bxf3 7. Bxf3 dxe5 8. dxe5 e6 9. b3 Nd7 10. Bb2 Qc7 11. Re1 O-O-O 12. Nd2 Bb4 13. Bxd5 exd5 14. a3 Bxd2 15. Qxd2 Nc5 16. Qe3 b6 17. a4 Ne6 18. Ba3 c5 19. b4 d4 20. Qh3 g5 21. bxc5 bxc5 22. Rab1 Rd5 23. Qf5 h6 24. Rb5 a6 25. Rb2 Rhd8 26. Qe4 R8d7 27. h3 h5 28. Reb1 Qxe5 29. Qd3 Ra7 30. Rb8+ Kd7 31. Qh7 Nd8 32. Qxh5 Rc7 33. Ra8 Rc6 34. Rbb8 Qe1+ 35. Kh2 Qe5+ 36. g3 Ke7 37. Bc1 Rf6 38. Ra7+ Rd7 39. Qxg5 Qxb8 40. Rxd7+ Kxd7 41. Qxf6 Qd6 42. Qf5+ Kc6 43. Qc8+ Kd5 44. Bf4 Qf6 45. h4 Ne6 46. Qb7+ 1-0

[Event "Olympiad-31"]
[Site "Moscow"]
[Date "1994.12.13"]
[Round "12.3"]
[White "O'Donnell, Tom"]
[Black "Russek Libni, Guil"]
[Result "1/2-1/2"]
[WhiteElo "2410"]
[BlackElo "2340"]
[PlyCount "39"]
[GameId "1166638638657536"]
[EventDate "1994.12.01"]
[EventType "team-swiss"]
[EventRounds "14"]
[EventCountry "RUS"]
[SourceTitle "CBM 045"]
[Source "ChessBase"]
[SourceDate "2004.01.01"]
[SourceVersion "1"]
[SourceVersionDate "2004.01.01"]
[SourceQuality "1"]
[WhiteTeam "Canada"]
[BlackTeam "Mexico"]
[WhiteTeamCountry "CAN"]
[BlackTeamCountry "MEX"]

1. e4 e6 2. d4 d5 3. Nd2 c5 4. exd5 exd5 5. Ngf3 Nf6 6. Bb5+ Bd7 7. Bxd7+ Nbxd7 8. O-O Be7 9. dxc5 Nxc5 10. Nd4 O-O 11. Nf5 Re8 12. Nxe7+ Rxe7 13. Nf3 Nce4 14. Be3 Qa5 15. c3 Rae8 16. Bd4 Nd7 17. Re1 Nb6 18. a4 Nc4 19. b3 Ncd6 20. Rc1 1/2-1/2

[Event "Koltanowski Team Match"]
[Site "San Francisco"]
[Date "1999.02.04"]
[Round "3"]
[White "O'Donnell, Tom"]
[Black "Silman, Jeremy D"]
[Result "1/2-1/2"]
[WhiteElo "2357"]
[BlackElo "2375"]
[PlyCount "120"]
[GameId "1166641808945152"]
[EventDate "1999.02.02"]
[EventType "schev"]
[EventRounds "9"]
[EventCountry "USA"]
[SourceTitle "CBM 068 Extra"]
[Source "ChessBase"]
[SourceDate "1999.03.01"]
[SourceVersion "1"]
[SourceVersionDate "1999.03.01"]
[SourceQuality "1"]

1. Nf3 c5 2. c4 g6 3. g3 Bg7 4. Bg2 Nc6 5. Nc3 e6 6. O-O Nge7 7. e3 Nf5 8. b3 O-O 9. Bb2 d6 10. a3 a6 11. Qc2 Rb8 12. Rfd1 Bd7 13. Rab1 b5 14. cxb5 axb5 15. Ne2 Bxb2 16. Qxb2 e5 17. d3 b4 18. a4 Na5 19. Nd2 Bc6 20. d4 Bxg2 21. Kxg2 cxd4 22. exd4 Qe7 23. dxe5 dxe5 24. Nf3 f6 25. Rd5 Ra8 26. Rbd1 Rfd8 27. Qb1 Rxd5 28. Rxd5 Ra7 29. Qd1 Ng7 30. Rb5 Ne6 31. Qd5 Nb7 32. Qc4 Na5 33. Qxb4 Qxb4 34. Rxb4 Nc5 35. Rb8+ Kg7 36. b4 Na6 37. Rb6 Nc4 38. Rc6 Nb2 39. b5 Nb4 40. Rc3 Nxa4 41. Ra3 Nd5 42. Nd2 Ra8 43. Nc4 Kf7 44. f4 Ke6 45. Kf3 Nab6 46. Rxa8 Nxa8 47. fxe5 fxe5 48. Ke4 Nf6+ 49. Kd3 Nd7 50. Nc3 Nc7 51. h4 Nc5+ 52. Ke3 Nd5+ 53. Nxd5 Kxd5 54. Nd2 h6 55. g4 h5 56. g5 Nd7 57. Ne4 Ke6 58. Nf6 Nb6 59. Ke4 Na4 60. Kf3 Nb6 1/2-1/2

[Event "WCN k.o."]
[Site "Internet USCF"]
[Date "2001.??.??"]
[Round "?"]
[White "Diesen, Mark C"]
[Black "O'Donnell, Tom"]
[Result "1-0"]
[WhiteElo "2410"]
[BlackElo "2357"]
[PlyCount "57"]
[GameId "1166644031725568"]
[EventDate "2001.12.??"]
[EventType "k.o."]
[EventRounds "5"]
[EventCountry "USA"]
[SourceTitle "EXT 2003"]
[Source "ChessBase"]
[SourceDate "2002.11.25"]
[SourceVersion "1"]
[SourceVersionDate "2002.11.25"]
[SourceQuality "1"]

1. e4 c5 2. Nf3 d6 3. d4 cxd4 4. Nxd4 Nf6 5. Nc3 g6 6. Be3 Bg7 7. f3 O-O 8. Qd2 Nc6 9. O-O-O d5 10. exd5 Nxd5 11. Nxc6 bxc6 12. Bd4 e5 13. Bc5 Re8 14. Nxd5 cxd5 15. Qxd5 Qxd5 16. Rxd5 Be6 17. Rd6 Bxa2 18. b4 a5 19. Bb5 Rec8 20. Bd7 Rc7 21. Bc6 Rb8 22. Rhd1 Bf8 23. Rd8 Rcc8 24. Rxf8+ Rxf8 25. Bxf8 Kxf8 26. bxa5 Rb1+ 27. Kd2 Rxd1+ 28. Kxd1 Bc4 29. Bb7 1-0

[Event "WCN k.o."]
[Site "Internet USCF"]
[Date "2001.??.??"]
[Round "?"]
[White "Diesen, Mark C"]
[Black "O'Donnell, Tom"]
[Result "1/2-1/2"]
[WhiteElo "2410"]
[BlackElo "2357"]
[PlyCount "91"]
[GameId "1166644031721472"]
[EventDate "2001.12.??"]
[EventType "k.o."]
[EventRounds "5"]
[EventCountry "USA"]
[SourceTitle "EXT 2003"]
[Source "ChessBase"]
[SourceDate "2002.11.25"]
[SourceVersion "1"]
[SourceVersionDate "2002.11.25"]
[SourceQuality "1"]

1. Nf3 Nf6 2. c4 e6 3. Nc3 d5 4. d4 c6 5. e3 Nbd7 6. Qc2 Bd6 7. b3 O-O 8. Bb2 a6 9. Be2 e5 10. O-O-O e4 11. Nd2 b5 12. c5 Bc7 13. g4 Qe7 14. Rdg1 Ne8 15. Kb1 f5 16. gxf5 Ndf6 17. h4 Bxf5 18. h5 h6 19. Rg2 Nh7 20. Qd1 Rf7 21. Ka1 Bb8 22. f3 exf3 23. Nxf3 Nef6 24. Nh4 Be4 25. Nxe4 Nxe4 26. Ng6 Qe8 27. Rf1 Raa7 28. Rfg1 Nhg5 29. Bd3 Nf2 30. Qe2 Nxd3 31. Qxd3 Rf3 32. Qd1 Raf7 33. Re1 Qe4 34. Qe2 Bg3 35. Reg1 Rf2 36. Rxf2 Rxf2 37. Qd1 Bh2 38. Rf1 Qxe3 39. Re1 Qd2 40. Qxd2 Rxd2 41. Bc1 Rxd4 42. Re8+ Kf7 43. Re7+ Kg8 44. Re8+ Kf7 45. Re7+ Kg8 46. Re8+ 1/2-1/2

[Event "WCN k.o."]
[Site "Internet USCF"]
[Date "2001.??.??"]
[Round "?"]
[White "Marin, Mihail"]
[Black "O'Donnell, Tom"]
[Result "1-0"]
[WhiteElo "2565"]
[BlackElo "2357"]
[PlyCount "93"]
[GameId "1166644031770624"]
[EventDate "2001.12.??"]
[EventType "k.o."]
[EventRounds "5"]
[EventCountry "USA"]
[SourceTitle "EXT 2003"]
[Source "ChessBase"]
[SourceDate "2002.11.25"]
[SourceVersion "1"]
[SourceVersionDate "2002.11.25"]
[SourceQuality "1"]

1. d4 Nf6 2. c4 e6 3. g3 d5 4. Bg2 dxc4 5. Nf3 b5 6. Ne5 Nd5 7. a4 c6 8. O-O Bb7 9. e4 Nf6 10. Nc3 a6 11. axb5 cxb5 12. d5 Bd6 13. Bf4 Bxe5 14. Bxe5 Nbd7 15. Bd6 e5 16. b3 Qb6 17. Ba3 b4 18. Na4 Qd6 19. bxc4 bxa3 20. Rb1 Ra7 21. c5 Nxc5 22. Rb6 Qd8 23. Rxf6 Qxf6 24. Nxc5 Qd6 25. Qa4+ Ke7 26. Nb3 a5 27. Qb5 Ba6 28. Qxa5 Rha8 29. Ra1 Bc4 30. Qc3 Bxb3 31. Qxb3 a2 32. Bf1 Rb8 33. Qc2 Qa3 34. Qc6 Qd6 35. Qc2 Qa3 36. Qc6 Qb2 37. Qc5+ Ke8 38. Qxa7 Qxa1 39. Qxb8+ Ke7 40. d6+ Kf6 41. d7 Qxf1+ 42. Kxf1 a1=Q+ 43. Kg2 Qe1 44. d8=Q+ Kg6 45. Qxe5 f6 46. Qde8+ Kh6 47. Q5h5# 1-0

[Event "WCN k.o."]
[Site "Internet USCF"]
[Date "2001.??.??"]
[Round "?"]
[White "O'Donnell, Tom"]
[Black "Christiansen, Larry Mark"]
[Result "1-0"]
[WhiteElo "2357"]
[BlackElo "2570"]
[PlyCount "75"]
[GameId "1166644031782912"]
[EventDate "2001.12.??"]
[EventType "k.o."]
[EventRounds "5"]
[EventCountry "USA"]
[SourceTitle "EXT 2003"]
[Source "ChessBase"]
[SourceDate "2002.11.25"]
[SourceVersion "1"]
[SourceVersionDate "2002.11.25"]
[SourceQuality "1"]

1. e4 c5 2. Nf3 d6 3. d4 cxd4 4. Nxd4 Nf6 5. Nc3 g6 6. Be3 Bg7 7. f3 Nc6 8. Qd2 O-O 9. Bc4 Bd7 10. O-O-O Rc8 11. Bb3 Ne5 12. h4 h5 13. Kb1 Nc4 14. Bxc4 Rxc4 15. Nde2 b5 16. Bh6 b4 17. Bxg7 Kxg7 18. Nd5 Nxd5 19. Qxd5 Qc7 20. Rd2 Rc8 21. Rc1 a5 22. Nf4 Rc5 23. Qd3 Bb5 24. Qe3 Bc4 25. g4 hxg4 26. fxg4 a4 27. h5 e5 28. Nd5 Bxd5 29. exd5 Qe7 30. hxg6 Qf6 31. gxf7 Qg6 32. Rf2 Rf8 33. Rf5 Qh7 34. Rh5 Qg6 35. Rg5 Rxf7 36. Rxg6+ Kxg6 37. Rh1 Rf4 38. Qh3 1-0

[Event "WCN k.o."]
[Site "Internet USCF"]
[Date "2001.??.??"]
[Round "?"]
[White "O'Donnell, Tom"]
[Black "Diesen, Mark C"]
[Result "1/2-1/2"]
[WhiteElo "2357"]
[BlackElo "2410"]
[PlyCount "138"]
[GameId "1166644031787008"]
[EventDate "2001.12.??"]
[EventType "k.o."]
[EventRounds "5"]
[EventCountry "USA"]
[SourceTitle "EXT 2003"]
[Source "ChessBase"]
[SourceDate "2002.11.25"]
[SourceVersion "1"]
[SourceVersionDate "2002.11.25"]
[SourceQuality "1"]

1. e4 c6 2. d4 d5 3. Nd2 dxe4 4. Nxe4 Nd7 5. Ng5 Ngf6 6. Bd3 e6 7. N1f3 Bd6 8. Qe2 h6 9. Ne4 Nxe4 10. Qxe4 Qc7 11. Bd2 b6 12. Qg4 g5 13. Qh3 Rg8 14. Qxh6 Bf8 15. Qh5 Nf6 16. Qh3 g4 17. Qh4 gxf3 18. Qxf6 fxg2 19. Rg1 Qxh2 20. O-O-O Bb7 21. Be4 Be7 22. Qf3 Kd7 23. Rxg2 Rxg2 24. Qxg2 Qxg2 25. Bxg2 Rg8 26. Bf3 Rh8 27. Rh1 Rxh1+ 28. Bxh1 Ba6 29. Be3 Bc4 30. b3 Bd5 31. f3 b5 32. Kd2 b4 33. Bg2 a5 34. Ke2 c5 35. dxc5 Kc6 36. Kf2 Bxc5 37. Bf1 e5 38. Bd3 Be6 39. Bxc5 Kxc5 40. Ke3 f5 41. Ba6 Bd5 42. Be2 f4+ 43. Kd3 Bb7 44. c3 Ba6+ 45. c4 Bb7 46. Bd1 Bc6 47. Be2 Kd6 48. Bd1 Be8 49. Bc2 Kc5 50. Kd2 Bc6 51. Ke2 Kd4 52. Bf5 Kc3 53. Be6 Kb2 54. Bd5 Be8 55. c5 Kxa2 56. Kd3 Bb5+ 57. Kc2 Ka3 58. c6 a4 59. c7 axb3+ 60. Bxb3 Bd7 61. Bd5 Bc8 62. Kd3 b3 63. Bxb3 Kxb3 64. Ke4 Kb4 65. Kxe5 Kc5 66. Kxf4 Kd6 67. Kg5 Kxc7 68. f4 Kd6 69. f5 Bxf5 1/2-1/2

[Event "WCN k.o."]
[Site "Internet USCF"]
[Date "2001.??.??"]
[Round "?"]
[White "O'Donnell, Tom"]
[Black "Schleifer, Michael"]
[Result "1/2-1/2"]
[WhiteElo "2357"]
[BlackElo "2369"]
[PlyCount "62"]
[GameId "1166644031791104"]
[EventDate "2001.12.??"]
[EventType "k.o."]
[EventRounds "5"]
[EventCountry "USA"]
[SourceTitle "EXT 2003"]
[Source "ChessBase"]
[SourceDate "2002.11.25"]
[SourceVersion "1"]
[SourceVersionDate "2002.11.25"]
[SourceQuality "1"]

1. e4 d5 2. exd5 Qxd5 3. Nc3 Qa5 4. d4 c6 5. Nf3 Bg4 6. h3 Bxf3 7. Qxf3 Nf6 8. Bd2 Nbd7 9. O-O-O e6 10. g4 Bb4 11. a3 Bxc3 12. Bxc3 Qd5 13. Bg2 Qa2 14. Kd2 e5 15. Ra1 Qe6 16. Rae1 O-O-O 17. b3 Qd6 18. Kc1 exd4 19. Bb2 Nd5 20. Bxd4 f6 21. Bb2 Qf4+ 22. Kb1 Rhe8 23. Qg3 Nc5 24. h4 Rxe1+ 25. Rxe1 Qd2 26. Rh1 Re8 27. Bc1 Nc3+ 28. Kb2 Nd1+ 29. Kb1 Nc3+ 30. Kb2 Nd1+ 31. Kb1 Nc3+ 1/2-1/2

[Event "WCN k.o."]
[Site "Internet USCF"]
[Date "2001.??.??"]
[Round "?"]
[White "O'Donnell, Tom"]
[Black "Tyomkin, Dimitri"]
[Result "1/2-1/2"]
[WhiteElo "2357"]
[BlackElo "2461"]
[PlyCount "90"]
[GameId "1166644031795200"]
[EventDate "2001.12.??"]
[EventType "k.o."]
[EventRounds "5"]
[EventCountry "USA"]
[SourceTitle "EXT 2003"]
[Source "ChessBase"]
[SourceDate "2002.11.25"]
[SourceVersion "1"]
[SourceVersionDate "2002.11.25"]
[SourceQuality "1"]

1. e4 c5 2. Nf3 d6 3. d4 cxd4 4. Nxd4 Nf6 5. Nc3 Nc6 6. Bg5 e6 7. Qd2 Nxd4 8. Qxd4 Be7 9. O-O-O O-O 10. f4 h6 11. Bxf6 Bxf6 12. Qxd6 Qa5 13. e5 Rd8 14. Qa3 Rxd1+ 15. Nxd1 Qxa3 16. bxa3 Be7 17. Kb2 Bd7 18. Be2 Bc6 19. Bf3 Bxf3 20. gxf3 Rc8 21. Nf2 Bc5 22. Nd3 Bd4+ 23. Kb1 Kh7 24. Re1 Kg6 25. Re4 Rd8 26. Kc1 Kf5 27. Kd2 Bg1 28. h3 Rd5 29. Rb4 b6 30. Rc4 Rd7 31. Ke2 g5 32. fxg5 hxg5 33. h4 Bh2 34. hxg5 Bxe5 35. Nxe5 Kxe5 36. Ke3 Kf5 37. f4 e5 38. fxe5 Kxe5 39. Rf4 Rc7 40. c4 Ke6 41. Kd4 Rc5 42. Re4+ Kd6 43. Rg4 Ra5 44. g6 fxg6 45. Rxg6+ Kc7 1/2-1/2

[Event "WCN k.o."]
[Site "Internet USCF"]
[Date "2001.??.??"]
[Round "?"]
[White "Tyomkin, Dimitri"]
[Black "O'Donnell, Tom"]
[Result "1-0"]
[WhiteElo "2461"]
[BlackElo "2357"]
[PlyCount "53"]
[GameId "1166644031860736"]
[EventDate "2001.12.??"]
[EventType "k.o."]
[EventRounds "5"]
[EventCountry "USA"]
[SourceTitle "EXT 2003"]
[Source "ChessBase"]
[SourceDate "2002.11.25"]
[SourceVersion "1"]
[SourceVersionDate "2002.11.25"]
[SourceQuality "1"]

1. d4 Nf6 2. c4 e6 3. Nc3 Bb4 4. f3 d5 5. a3 Be7 6. e4 dxe4 7. fxe4 e5 8. d5 Bc5 9. Nf3 Ng4 10. Na4 Nd7 11. Nxc5 Nxc5 12. Qc2 a5 13. h3 Nf6 14. Bd3 Qd6 15. Be3 O-O 16. b3 a4 17. b4 Nb3 18. Rd1 c5 19. dxc6 bxc6 20. c5 Qc7 21. O-O h6 22. Nh4 Nh5 23. Bc4 Ba6 24. Bxa6 Rxa6 25. Qe2 Ng3 26. Qxa6 Nxf1 27. Qxf1 1-0